Liedtext - Last night of the kings - Van Canto (Lyrics) - Statistiken

Allgemein
  • Dieses Quiz wurde 2 mal gespielt
  • Das Durchschnittsergebnis liegt bei 186 aus 266
Antwortstatistiken
Antwort % Korrekt
a
100%
an
100%
and
100%
And
100%
are
100%
can
100%
don't
100%
fight
100%
For
100%
have
100%
in
100%
In
100%
is
100%
kings
100%
last
100%
night
100%
of
100%
right
100%
stand
100%
that
100%
The
100%
the
100%
there
100%
They
100%
they
100%
This
100%
this
100%
To
100%
to
100%
up
100%
We
100%
we
100%
we're
100%
will
100%
with
100%
candles
50%
castle
50%
dance
50%
folk
50%
get
50%
has
50%
independent
50%
It's
50%
just
50%
life
50%
lit
50%
might
50%
On
50%
on
50%
one
50%
our
50%
Our
50%
Still
50%
their
50%
us
50%
waiting
50%
way
50%
While
50%
arrive
0%
ball
0%
begun
0%
black
0%
carriages
0%
circles
0%
closing
0%
comes
0%
decadence
0%
filled
0%
force
0%
foresee
0%
forevermore
0%
front
0%
gathering
0%
gods
0%
hall
0%
hearts
0%
heroes
0%
Heroes
0%
higher
0%
into
0%
Inwardly
0%
Joining
0%
laughing
0%
lead
0%
live
0%
masters
0%
mistresses
0%
murderous
0%
nobles
0%
nobody
0%
ourselves
0%
pace
0%
ready
0%
recognize
0%
robes
0%
showing
0%
smell
0%
smiling
0%
splendor
0%
survive
0%
swords
0%
tall
0%
through
0%
torches
0%
trap
0%
unknown
0%
Unsheathing
0%
walking
0%
Keine übereinstimmenden Quizze gefunden
Verteilung der Resultate
Anzahl Personen mit jedem Resultat
Perzentil nach korrekt beantworteten Fragen
Ihre Resultats-Entwicklung
Sie haben dieses Quiz noch nicht gespielt